| 000 | 01201nam0a2200313 4500 | ||
|---|---|---|---|
| 001 | RU\NLR\bibl\1428596 | ||
| 005 | 20260407150909.0 | ||
| 021 |
_aRU _b2009-68210 _94214 |
||
| 035 | _a(nilc)RSL-KNO-004375791 | ||
| 035 | _a(NLR Aleph) 001420515 | ||
| 090 |
_a1339693 _c1339693 |
||
| 100 | _a20090820d2008 |||y0rusy50 ca | ||
| 101 | 0 | _arus | |
| 102 | _aRU | ||
| 105 | _ay zzzz||||| | ||
| 200 | 1 |
_aКомментарии законодательства в помощь сельскохозяйственным кооперативам _fСамар. Губерн. Дума |
|
| 210 |
_aСамара _c[б.и.] _d2008 |
||
| 215 |
_a174 с. _d22 |
||
| 606 | 1 |
_aСельскохозяйственные кооперативы _xПравовые вопросы _yРоссийская Федерация _92464745 _3RU\NLR\auth\661464299 |
|
| 686 |
_aХ621.144-321.23 _2rubbk |
||
| 686 | _aХ623.012.2 | ||
| 712 | 0 | 1 |
_4570 _aСамарская область _bГубернская дума _3RU\NLR\AUTH\8810090762 _9682790 |
| 801 | 0 |
_aRU _bРКП _c20090820 _grcr |
|
| 801 | 1 |
_aRU _bРГБ _c20090820 |
|
| 801 | 2 |
_aRU _bNLR _c20091022 _grcr |
|
| 942 | _cBOOK | ||
| 980 | _aNB | ||
| 980 | _aNBR | ||